Curso elemental de derecho mercantil (Registro nro. 303326)

Detalles MARC
000 -ENCABEZADO
Número de control [NR] 02037nam a2200229 4500
005 - FECHA Y HORA DE LA ÚLTIMA TRANSACCIÓN
control field 20160811093114.0
008 - DE LONGITUD FIJA DE DATOS DE ELEMENTOS - INFORMACIÓN GENERAL
Elementos de longitud fija [NR] 160429s1926 ck |||fr|||| 001 0 spa d
040 ## - FUENTE DE CATALOGACION [NR]
Agencia de catalogación original [NR] CO-BoUCM
Idioma de catalogación [NR] spa
Quien Cataloga Sandra Yazo
Quien Clasifica Sandra Yazo
041 0# - CODIGO DE IDIOMA [R]
Código de idioma para texto/pista de sonido o título separado [R] Español
082 04 - NUMERO DE CLASIFICACION DECIMAL DEWEY [R]
Número de la edición [NR] 20
Número de clasificación [R] 346
092 ## - SIGNATURA TOPOGRAFICA LOCAL
Número de clasificación local E39N059
100 1# - ASIENTO PRINCIPAL--NOMBRE PERSONAL [NR]
Nombre personal [NR] Anzola, Nicasio
ID Autoridad 76937
Fechas asociadas con el nombre [NR] 1872-1965
245 10 - MENCION DE TITULO [NR]
Título [NR] Curso elemental de derecho mercantil
Mención de responsabilidad, etc. [NR] por Nicasio Anzola
260 ## - PUBLICACION, DISTRIBUCION, ETC. (PIE DE IMPRENTA) [R]
Lugar de publicación, distribución, etc. [R] Bogotá (Colombia)
Nombre del editor, distribuidor, etc. [R] Imprenta de "La luz"
Fecha de publicación, distribución, etc. [R] 1926
300 ## - DESCRIPCION FISICA [R]
Extensión [R] 2 volúmnes (xvi, 415 ; 424 páginas)
Dimensiones [R] 24 x 17 cm
500 ## - NOTA GENERAL [R]
Nota general [NR] Detalles físicos: Encuadernación rígida (holandesa) en cartón forrado en papel. Lomo en cuero con adornos en dorado. Guardas. Portada impresa en una sola tinta con una ilustración. Cenefas. Texto impreso en una sola columna con varios tamaños. Algunas notas al pie de página. Tapas con residuos de cinta pegante. Papel manchado. V.1 en guarda delantera con una anotación manuscrita
505 0# - NOTA DE CONTENIDO CON FORMATO PREESTABLECIDO [R]
Nota de contenido con formato preestablecido [NR] V.1: Concepto del derecho mercantil ; Caracteres y condiciones del derecho mercantil ; Relaciones del derecho mercantil con las demás ramas de la legislación y con la economía política ; Fuentes del derecho mercantil ; Diferencias entre el derecho mercantil y el civil ; Historia del derecho mercantil ; El derecho mercantil en la edad media ; compilaciones generales de costumbre mercantiles en esta época ; Legislación mercantil de la época contemporánea ; Legislación mercantil americana -- Código de comercio terrestre ; Comerciantes y asuntos de comercio ; Contratos y obligaciones mercantiles en general -- V.2: La sociedad ; Seguro en general y de los seguros terrestres en particular ; La cuenta corriente ; Contrato y letras de cambio ; Libranzas y vales y pagarés ; Cartas-ordenes de crédito ; Cheque ; Préstamo ; Deposito ; Contrato de prenda ; Fianza ; Prescripción ; Instrumentos negociables
506 ## - NOTA DE RESTRICCIONES DE ACCESO [R]
Condiciones de acceso [NR] Consulta en sala
650 #7 - ASIENTO SECUNDARIO DE MATERIA - TERMINO TEMATICO [R]
9 (RLIN) 12793
Término temático o nombre geográfico como elemento de entrada [NR] Derecho mercantil
Subdivisión geográfica [R] Colombia
690 ## - ASUNTO AGREGADO LOCAL DE ENTRADA - TÉRMINO TEMÁTICO (OCLC, RLIN)
Acceso temático local Derecho comercial
9 (RLIN) 12717
942 ## - ELEMENTOS DE ENTRADA AGREGADOS (KOHA)
Sistema de clasificación LOCAL
Tipo de ítem principal el descrito en 300a Libro
Edición 1
Clasificación E39N059
Existencias
Suprimido Perdido Sistema de clasificación Dañado No prestable Tipo de ítem específico Ubicación habitual Ubicación actual Localización Fecha de creación Forma de adquisición Costo Volúmen / Fascículo Total préstamos Signatura topográfica Código de barras Última vez visto Ejemplar Price effective from Tipo de ítem
    LOCAL     Libro archivo Archivo Histórico Archivo Histórico Archivo histórico 29/04/2016 Donación 0.00 V.1   E39N059 L005576 29/04/2016 Ej.1 29/04/2016 Libro
    LOCAL     Libro archivo Archivo Histórico Archivo Histórico Archivo histórico 29/04/2016 Donación 0.00 V.2   E39N059 L005577 29/04/2016 Ej.1 29/04/2016 Libro